College algebra (Record no. 2511)
[ view plain ]
| 000 -LEADER | |
|---|---|
| fixed length control field | 00425nam a22001697a 4500 |
| 003 - CONTROL NUMBER IDENTIFIER | |
| control field | 0 |
| 005 - DATE AND TIME OF LATEST TRANSACTION | |
| control field | 20220114153305.0 |
| 008 - FIXED-LENGTH DATA ELEMENTS--GENERAL INFORMATION | |
| fixed length control field | 0 |
| 020 ## - INTERNATIONAL STANDARD BOOK NUMBER | |
| International Standard Book Number | 9710842277 |
| 040 ## - CATALOGING SOURCE | |
| Transcribing agency | 0 |
| 050 ## - LIBRARY OF CONGRESS CALL NUMBER | |
| Classification number | QA154 |
| Item number | .S7751 1998 |
| 100 ## - MAIN ENTRY--PERSONAL NAME | |
| Personal name | Sta. Maria. Antonia C. |
| 245 ## - TITLE STATEMENT | |
| Title | College algebra |
| Statement of responsibility, etc. | Antonia C. Sta Maria |
| 260 ## - PUBLICATION, DISTRIBUTION, ETC. | |
| Place of publication, distribution, etc. | Metro Manila: |
| Name of publisher, distributor, etc. | National Book Store; |
| Date of publication, distribution, etc. | c1998 |
| 300 ## - PHYSICAL DESCRIPTION | |
| Extent | vi, 175 pages: |
| Other physical details | with Illustrations; |
| Dimensions | 25 cm. |
| 942 ## - ADDED ENTRY ELEMENTS (KOHA) | |
| Source of classification or shelving scheme | Library of Congress Classification |
| Koha item type | Filipiniana |
| Withdrawn status | Source of classification or shelving scheme | Damaged status | Not for loan | Home library | Current library | Date acquired | Total Checkouts | Full call number | Barcode | Date last seen | Price effective from | Koha item type | Collection code | Shelving location | Copy number |
|---|---|---|---|---|---|---|---|---|---|---|---|---|---|---|---|
| Library of Congress Classification | Cainta College Library | Cainta College Library | 06/01/2018 | QA154.S7751 1998 | URSCAI-381 | 06/01/2018 | 06/01/2018 | Filipiniana | |||||||
| Library of Congress Classification | Cainta College Library | Cainta College Library | 06/01/2018 | QA154.S7751 1998 | URSCAI-382 | 06/01/2018 | 06/01/2018 | Filipiniana | |||||||
| Library of Congress Classification | Pililla College Library | Pililla College Library | 09/23/2017 | 512 St11 1988 | URSPIL-1033 | 07/19/2018 | 09/23/2017 | Filipiniana | Non-fiction | General Stacks | 1 |